<?xml version="1.0" encoding="UTF-8"?>
<marc:record xmlns:marc="http://www.loc.gov/MARC21/slim">
   <marc:leader>00000nam a2200000 a 4500</marc:leader>
   <marc:datafield ind1="1" ind2=" " tag="100">
      <marc:subfield code="a">Bitterman, Joan</marc:subfield>
      <marc:subfield code="4">aut</marc:subfield>
      <marc:subfield code="e">Verfasser/-in</marc:subfield>
   </marc:datafield>
   <marc:datafield ind1=" " ind2=" " tag="653">
      <marc:subfield code="a">Mann</marc:subfield>
   </marc:datafield>
   <marc:datafield ind1=" " ind2=" " tag="653">
      <marc:subfield code="a">Partnerschaft</marc:subfield>
   </marc:datafield>
   <marc:datafield ind1=" " ind2=" " tag="653">
      <marc:subfield code="a">Emanzipation</marc:subfield>
   </marc:datafield>
   <marc:datafield ind1="0" ind2="0" tag="245">
      <marc:subfield code="a">Rettet die Männer</marc:subfield>
   </marc:datafield>
   <marc:datafield ind1="0" ind2="0" tag="245">
      <marc:subfield code="b">Frauen machen kaputt</marc:subfield>
   </marc:datafield>
   <marc:datafield ind1=" " ind2="1" tag="264">
      <marc:subfield code="a">München</marc:subfield>
      <marc:subfield code="b">Nymphenburger</marc:subfield>
      <marc:subfield code="c">1991</marc:subfield>
   </marc:datafield>
   <marc:datafield ind1="1" ind2=" " tag="520">
      <marc:subfield code="a">PZ 4/91*547 Die Scheidungsrate von 48% im westlichen Teil Deutschlands bewirkt das Single-Dasein. Das liegt hauptsächlich an der Emanzipation der Frau, behauptet die amerikan. Autorin anhand einer Studie basierend auf Interviews mit 1191 "emanzipierten Frauen". Sie zieht daraus folgende Schlüsse: Emanzipation ist Rebellion statt Evolution, es geht um einen Machtwechsel statt Gleichberechtigung, die Frauen erweisen sich als Erzegoistinnen, sind rücksichtslos und ohne Verantwortungsgefühl, verwenden die Kinder zuerst als Kittmittel, um sie dann als Waffe in der Partnerschaftsbeziehung einzusetzen. Getrennt zu leben ist für diese Frauen "Praktisch" der finanzielle Rückhalt und sichert sozialen Status. Die Verfasserin warnt vor dieser Entwicklung in der v.a. psychisch gestörte Kinder die Leidtragenden sind. Die Lösung des Dilemmas: "Frau und Mann müssen sich der Wertigkeit ihrer Beziehung, der Wichtigkeit füreinander bewußt sein." Die Gesellschaft gerät ins Chaos, wenn die Frauen, die die Männer mit ihrer destruktiven Liebe kaputtgemacht haben, nicht retten, keine Kompromißbereitschaft aufweisen und nicht diese Art der Emanzipation als Irrweg erkennen</marc:subfield>
   </marc:datafield>
   <marc:datafield ind1="0" ind2=" " tag="490">
      <marc:subfield code="v">0</marc:subfield>
   </marc:datafield>
   <marc:datafield ind1=" " ind2=" " tag="300">
      <marc:subfield code="a">221 S.</marc:subfield>
   </marc:datafield>
</marc:record>
